Najdroższe kraje do życia w Europie - Statystyki

Ogólne statystyki
  • Ten quiz został rozwiązany 144 razy
  • Średni wynik to 4 z 5
Statystyki odpowiedzi
Kraj % Poprawnych
Norwegia
93%
Szwajcaria
88%
Dania
77%
Islandia
63%
Irlandia
61%
Nie znaleziono quizów pasujących do podanych kryteriów
Rozkład punktacji
Procent ludzi z każdym wynikiem
Percentyl według liczby udzielonych odpowiedzi
Twoja historia wyników
Nie rozwiązałeś tego quizu